[Event "Reykjavik Open 2017"]
[Site "Reykjavik ISL"]
[Date "2017.04.19"]
[Round "1.52"]
[White "Pfreundt,Jakob"]
[Black "Acevedo Mendez,Lisseth"]
[Result "1-0"]
[WhiteElo "2392"]
[BlackElo "1845"]

1.d4 f5 2.c4 d6 3.Nc3 g6 4.h4 h6 5.e4 Nf6 6.Bd3 e6 7.Nge2 e5 8.h5 f4 9.Bxf4
exf4 10.e5 dxe5 11.Bxg6+ Ke7 12.dxe5 Qxd1+ 13.Rxd1 Ng4 14.Nd5+ Ke6 15.Nexf4+
Kxe5 16.O-O Na6 17.Rfe1+ Kd6 18.Ne7+ Kc5 19.Rd5+ Kb4 20.Nd3+ Ka4 21.b3+ {#r}
1-0

[Event "Reykjavik Open 2017"]
[Site "Reykjavik ISL"]
[Date "2017.04.19"]
[Round "1.54"]
[White "Timmermans,M"]
[Black "Siddharth,Gopakumar"]
[Result "1-0"]
[WhiteElo "2385"]
[BlackElo "1826"]

1.Nf3 c5 2.e4 Nc6 3.d4 cxd4 4.Nxd4 Nf6 5.Nc3 e5 6.Ndb5 d6 7.Bg5 a6 8.Na3 b5
9.Bxf6 gxf6 10.Nd5 f5 11.g3 Bg7 12.Bg2 fxe4 13.Bxe4 O-O 14.Ne3 Qc7 15.c3 Be6
16.Qh5 h6 17.g4 d5 18.Bxd5 Bxd5 19.Nxd5 Qd6 20.Ne3 Qg6 21.Qf5 Rad8 22.Nac2 Ne7
23.Qxg6 fxg6 24.h4 Rf4 25.Ke2 a5 26.h5 b4 27.c4 Nc6 28.Nd5 Nd4+ 29.Nxd4 Rxd4
30.Rad1 gxh5 31.gxh5 Rf8 32.Rxd4 exd4 33.f4 d3+ 34.Kxd3 Bxb2 35.c5 Kf7 36.Rg1
Ke6 37.Kc4 {#r} 1-0

[Event "Reykjavik Open 2017"]
[Site "Reykjavik ISL"]
[Date "2017.04.19"]
[Round "1.55"]
[White "Davidsson,Oskar Vikingur"]
[Black "Pigott,J"]
[Result "0-1"]
[WhiteElo "1818"]
[BlackElo "2381"]

1.e4 e6 2.d4 d5 3.Nd2 Nf6 4.e5 Nfd7 5.c3 c5 6.Bd3 Nc6 7.Ne2 cxd4 8.cxd4 f6
9.Nf4 Nxd4 10.Qh5+ Ke7 11.Ng6+ hxg6 12.exf6+ Kxf6 13.Qxh8 Kf7 14.O-O Nc5
15.Bb1 Qf6 16.Re1 e5 17.Re3 Bf5 18.Bxf5 gxf5 19.Nf3 Nxf3+ 20.Rxf3 e4 21.Rc3
Rd8 22.h4 Be7 23.Qxd8 Bxd8 24.Bg5 Qd6 25.Bxd8 d4 26.Rd1 Nd3 27.Bc7 Qe7 28.Rc2
Qxh4 29.Bg3 Qg4 30.Rdd2 f4 31.Rc7+ Kg6 32.Bh2 Ne1 33.Kf1 Qxg2+ 34.Kxe1 Qh1+
35.Ke2 f3# 0-1

[Event "Reykjavik Open 2017"]
[Site "Reykjavik ISL"]
[Date "2017.04.19"]
[Round "1.56"]
[White "Henderson de La Fuente,Lance"]
[Black "Berg,Margar M."]
[Result "1-0"]
[WhiteElo "2372"]
[BlackElo "1813"]

1.e4 c5 2.Nf3 d6 3.d4 cxd4 4.Nxd4 Nf6 5.Nc3 a6 6.h3 g6 7.g4 h6 8.Bg2 e5 9.Nde2
b5 10.a4 Qa5 11.b4 Qxb4 12.axb5 Ra7 13.Ra4 Qc5 14.Be3 {#r} 1-0

[Event "Reykjavik Open 2017"]
[Site "Reykjavik ISL"]
[Date "2017.04.19"]
[Round "1.58"]
[White "Guramishvili,S"]
[Black "Puglia,Francesco"]
[Result "1-0"]
[WhiteElo "2363"]
[BlackElo "1809"]

1.d4 g6 2.c4 Bg7 3.Nf3 d6 4.g3 Nc6 5.Bg2 e5 6.dxe5 Nxe5 7.Nxe5 Bxe5 8.O-O h5
9.Qb3 h4 10.Nc3 hxg3 11.hxg3 Ne7 12.Bg5 c6 13.Ne4 f5 14.Nd2 Qc7 15.Nf3 Bg7
16.Nh4 Kf7 17.Rad1 Be6 18.Bf4 Be5 19.Nf3 Bxf4 20.gxf4 Rh5 21.Ng5+ Rxg5 22.fxg5
b5 23.Qc3 Bxc4 24.b3 Bxe2 25.Rfe1 Bxd1 26.Qf6+ {#r} 1-0

[Event "Reykjavik Open 2017"]
[Site "Reykjavik ISL"]
[Date "2017.04.19"]
[Round "1.59"]
[White "Hart,Alexander"]
[Black "Derakhshani,D"]
[Result "0-1"]
[WhiteElo "1806"]
[BlackElo "2351"]

1.d4 Nf6 2.c4 e6 3.Nf3 b6 4.g3 Bb7 5.Bg2 Be7 6.O-O O-O 7.b3 d5 8.Nbd2 c5 9.Bb2
Nc6 10.e3 Rc8 11.cxd5 exd5 12.Qe2 Nb4 13.Ne5 Ba6 14.Qf3 Bxf1 15.Bxf1 cxd4
16.Bxd4 Nc2 17.Rd1 Nxd4 18.exd4 g6 19.Ba6 Rc2 20.a4 Bb4 21.Nf1 Ne4 22.Nd3 Bc3
23.Ne3 Ra2 24.Rc1 Bxd4 25.Nc2 Bc3 26.Ne3 Qd6 27.Bb7 Bd2 28.Rc6 Qd7 29.Nxd5 Ng5
30.Nf6+ Kg7 31.Nxd7 Nxf3+ 32.Kg2 Rd8 33.Rd6 Ne1+ 34.Kf1 Nxd3 35.Rxd3 Bb4
36.Nc5 Re8 37.Na6 Be1 38.Rf3 Ree2 39.Bd5 f5 40.Nc7 Bxf2 41.Bc4 Re1+ 42.Kg2
Bg1+ {#R} 0-1

[Event "Reykjavik Open 2017"]
[Site "Reykjavik ISL"]
[Date "2017.04.19"]
[Round "1.60"]
[White "Soumya,Sw"]
[Black "Ulfsson,Olafur Evert"]
[Result "1-0"]
[WhiteElo "2349"]
[BlackElo "1802"]

1.e4 e6 2.d4 d5 3.Nc3 Bb4 4.e5 c5 5.a3 Bxc3+ 6.bxc3 Ne7 7.Qg4 Qc7 8.Bd3 cxd4
9.Ne2 dxc3 10.Qxg7 Rg8 11.Qxh7 Qxe5 12.h4 Rh8 13.Bf4 Qf6 14.Bg5 Qe5 15.f4 Rxh7
16.fxe5 Rg7 17.Bf6 Rxg2 18.h5 Ng8 19.h6 Nxf6 20.exf6 Rg8 21.O-O-O Nd7 22.Bb5
a6 23.h7 Rh8 24.Rdg1 Kf8 25.Bxd7 Bxd7 26.Rg7 e5 {#r} 1-0

[Event "Reykjavik Open 2017"]
[Site "Reykjavik ISL"]
[Date "2017.04.19"]
[Round "1.61"]
[White "Muhr,Andreas"]
[Black "Kavutskiy,K"]
[Result "0-1"]
[WhiteElo "1801"]
[BlackElo "2347"]

1.e4 c5 2.d4 cxd4 3.Nf3 e6 4.c3 Nf6 5.e5 Nd5 6.Bc4 d6 7.Bxd5 exd5 8.Qxd4 Be6
9.Bg5 Qd7 10.Na3 Nc6 11.Qe3 dxe5 12.Nc2 f6 13.Bh4 Bd6 14.O-O g5 15.Bg3 h5
16.Rfe1 h4 17.Bxe5 Nxe5 18.Nfd4 h3 19.Nxe6 Qxe6 20.Nd4 Qg4 21.g3 Qe4 22.Qxe4
dxe4 23.Rxe4 O-O-O 24.b4 Kb8 25.a4 Bxb4 {#R} 0-1

[Event "Reykjavik Open 2017"]
[Site "Reykjavik ISL"]
[Date "2017.04.19"]
[Round "1.62"]
[White "Stefansson,Vignir Vatnar"]
[Black "Axelsson,T"]
[Result "1-0"]
[WhiteElo "2341"]
[BlackElo "1799"]

1.b3 Nf6 2.Bb2 e6 3.e3 b6 4.f4 Bb7 5.Nf3 d6 6.Be2 Nbd7 7.O-O Be7 8.Qe1 c5 9.d3
Qc7 10.Nbd2 O-O-O 11.a4 Ng4 12.Bd1 Bf6 13.Bxf6 gxf6 14.h3 Nh6 15.a5 b5 16.a6
Bc6 17.b4 Nf5 18.e4 Nd4 19.c4 Rhg8 20.Nxd4 cxd4 21.Bh5 Rg7 22.cxb5 Rdg8 23.Bf3
Rg3 24.bxc6 Nf8 25.b5 d5 26.b6 Qxb6 27.exd5 Qc7 28.Ne4 Rxh3 29.d6 Qd8 30.Qb4
{#r} 1-0

[Event "Reykjavik Open 2017"]
[Site "Reykjavik ISL"]
[Date "2017.04.19"]
[Round "1.63"]
[White "Tijssens,Rob"]
[Black "L'Ami,Alina"]
[Result "0-1"]
[WhiteElo "1799"]
[BlackElo "2324"]

1.d4 Nf6 2.c4 g6 3.g3 Bg7 4.Bg2 O-O 5.Nc3 d6 6.Nf3 c6 7.O-O Bf5 8.Re1 Ne4
9.Nd2 Nxd2 10.Qxd2 Na6 11.e4 Be6 12.b3 Qb6 13.Rd1 Bg4 14.f3 Bd7 15.Kh1 Rfd8
16.Bb2 e5 17.Na4 Qc7 18.dxe5 dxe5 19.Qd6 Qxd6 20.Rxd6 Be6 21.Rad1 Re8 22.h4
Nb4 23.a3 Na6 24.Bf1 Bf8 25.R6d2 b5 26.cxb5 Bxb3 27.Rb1 Bxa4 28.bxa6 Rab8
29.Bd3 Red8 30.Bc3 Rxb1+ 31.Bxb1 Rxd2 32.Bxd2 Bxa3 33.Bc3 Bd6 34.Bd3 Bb5
35.Bxb5 cxb5 36.Kg2 Kf8 37.Kf2 Ke7 38.Ke3 Kd7 39.Ba5 Kc6 40.Kd3 Bc7 41.Bd2 Kb6
42.Kc3 Kxa6 43.Kb3 Kb7 {#R} 0-1

[Event "Reykjavik Open 2017"]
[Site "Reykjavik ISL"]
[Date "2017.04.19"]
[Round "1.64"]
[White "Aradhya,Garg"]
[Black "Pedersen,Soren Sandmann"]
[Result "1-0"]
[WhiteElo "2315"]
[BlackElo "1794"]

1.e4 c6 2.d4 d5 3.exd5 cxd5 4.c4 Nf6 5.Nc3 Nc6 6.Bg5 dxc4 7.d5 Ne5 8.Qd4 h6
9.Bf4 Ng6 10.Bxc4 Nxf4 11.Qxf4 g5 12.Qd4 Bg7 13.h4 Bg4 14.hxg5 hxg5 15.Rxh8+
Bxh8 16.f3 Bd7 17.O-O-O Qb6 18.Qe5 Qd6 19.Qxg5 O-O-O 20.Nge2 Rg8 21.Qe3 Kb8
22.g4 Bg7 23.Kb1 Rc8 24.Bb3 Rh8 25.Nd4 a6 26.Ne6 Nxd5 27.Bxd5 Bxe6 28.Bxb7
Kxb7 29.Rxd6 exd6 30.f4 Bxg4 31.Qe4+ Kc7 32.f5 Bh5 33.Qc4+ Kd7 34.Qxa6 Rc8
35.Nd5 {#r} 1-0

[Event "Reykjavik Open 2017"]
[Site "Reykjavik ISL"]
[Date "2017.04.19"]
[Round "1.65"]
[White "De Winter,E"]
[Black "Gislason,G"]
[Result "0-1"]
[WhiteElo "1786"]
[BlackElo "2314"]

1.d4 Nf6 2.c4 g6 3.Nc3 Bg7 4.Bf4 d5 5.e3 O-O 6.Nf3 a6 7.Rc1 dxc4 8.Bxc4 b5
9.Bd3 Bb7 10.O-O Nbd7 11.a3 c5 12.dxc5 Nxc5 13.Be2 Nfd7 14.Bg3 Rc8 15.Nd2 Ne5
16.Bxe5 Bxe5 17.Nf3 Bg7 18.Qc2 Na4 19.Rfd1 Nxc3 20.bxc3 Qa5 21.Rd7 Rxc3 22.Qd2
Rxc1+ 23.Qxc1 Rc8 24.Qd1 Bc6 25.Ra7 Qxa3 26.Bf1 a5 27.Nd4 Bxd4 28.Qxd4 a4
29.Qe5 Qd6 30.Qg5 f6 31.Qg4 Rd8 32.h4 Bd7 33.Qf3 Rb8 34.h5 Kg7 35.Ra8 Bc6
36.h6+ Kf7 {#R} 0-1

[Event "Reykjavik Open 2017"]
[Site "Reykjavik ISL"]
[Date "2017.04.19"]
[Round "1.66"]
[White "Kniest,O"]
[Black "Doknjas,Neil"]
[Result "1-0"]
[WhiteElo "2301"]
[BlackElo "1784"]

1.d4 d5 2.c4 e6 3.Nc3 Nf6 4.cxd5 exd5 5.Bg5 Be7 6.e3 O-O 7.Bd3 c6 8.Qc2 Nbd7
9.Nge2 Re8 10.O-O Nf8 11.f3 c5 12.Bxf6 Bxf6 13.dxc5 Rxe3 14.Rad1 Re5 15.Be4
Be6 16.f4 Rh5 17.Ng3 Rh6 18.Nxd5 Bxd5 19.Bxd5 Qc7 20.Nf5 Rg6 21.Nd6 Ne6
22.Nxf7 Nxf4 23.Ne5+ Nxd5 24.Nxg6 Qf7 25.Qb3 hxg6 26.Qxd5 Qxd5 27.Rxd5 Bxb2
28.Rb1 Ba3 29.Rb3 Bc1 30.Rxb7 Rf8 31.Rb3 Bf4 32.Rf3 g5 33.g3 Bc1 34.Rxf8+ Kxf8
35.Kf2 Ke8 36.c6 {#r} 1-0

[Event "Reykjavik Open 2017"]
[Site "Reykjavik ISL"]
[Date "2017.04.19"]
[Round "1.67"]
[White "Kristinsson,Magnus"]
[Black "Piasetski,L"]
[Result "0-1"]
[WhiteElo "1783"]
[BlackElo "2300"]

1.e4 c5 2.Nf3 Nc6 3.d4 cxd4 4.Nxd4 Qb6 5.Nb3 Nf6 6.Nc3 e6 7.Be3 Qc7 8.a3 a6
9.f4 d6 10.Qf3 b5 11.Bd3 Bb7 12.Nd4 h5 13.Nxc6 Bxc6 14.h3 h4 15.O-O-O Qb7
16.Rhe1 Be7 17.Bf2 a5 18.Re2 b4 19.axb4 axb4 20.Nb1 d5 21.Qe3 dxe4 22.Bc4 Nd5
23.Bxd5 exd5 24.Qd4 O-O 25.Qb6 Bd6 26.Qxb7 Bxf4+ 27.Be3 Bxe3+ 28.Rxe3 Bxb7
29.Rb3 Ra4 30.Rd4 Ba6 31.Rbxb4 Rxb4 32.Rxb4 Bf1 33.Rd4 Bxg2 34.Rxd5 f5 35.Nd2
e3 {#R} 0-1

[Event "Reykjavik Open 2017"]
[Site "Reykjavik ISL"]
[Date "2017.04.19"]
[Round "1.69"]
[White "Halldorsson,Hj"]
[Black "Kleinman,Michael"]
[Result "0-1"]
[WhiteElo "1776"]
[BlackElo "2289"]

1.e4 c5 2.Nc3 e6 3.g3 d5 4.Bg2 dxe4 5.Nxe4 Be7 6.d3 Nf6 7.Ne2 O-O 8.O-O Nc6
9.Bd2 Qc7 10.h3 b6 11.Bf4 Qd7 12.Qd2 Bb7 13.Bg5 Nxe4 14.dxe4 Qxd2 15.Bxd2 Ba6
{#R} 0-1

[Event "Reykjavik Open 2017"]
[Site "Reykjavik ISL"]
[Date "2017.04.19"]
[Round "1.70"]
[White "Nebolsina,V"]
[Black "Leosson,Atli Johann"]
[Result "1-0"]
[WhiteElo "2285"]
[BlackElo "1773"]

1.e4 e5 2.Nf3 Nc6 3.Bc4 Bc5 4.c3 Nf6 5.d3 d6 6.h3 h6 7.a4 a5 8.Qb3 Qe7 9.Na3
Bxa3 10.Rxa3 b6 11.Nh4 O-O 12.Ng6 Qd8 13.Nxf8 Qxf8 14.O-O Qe7 15.f4 exf4
16.Bxf4 Ne5 17.Bxe5 Qxe5 18.Bxf7+ Kh8 19.Qc2 Bd7 20.Raa1 Nh7 21.Bd5 c6 22.Bb3
Ng5 23.h4 Nh7 24.d4 Qh5 25.Qf2 Nf6 26.Rae1 d5 27.e5 Ng4 28.Qg3 Be6 29.Bc2 Qe8
30.Rf4 h5 31.Ref1 c5 32.Qd3 g6 33.Rf8+ Qxf8 34.Rxf8+ Rxf8 35.Qxg6 Rf7 36.Qxe6
Kg7 37.Qg6+ Kf8 38.Qxh5 Ne3 39.Qh6+ {#r} 1-0

[Event "Reykjavik Open 2017"]
[Site "Reykjavik ISL"]
[Date "2017.04.19"]
[Round "1.71"]
[White "Skaale,Janus"]
[Black "Bjornsson,Si"]
[Result "0-1"]
[WhiteElo "1765"]
[BlackElo "2279"]

1.e4 c5 2.Nf3 e6 3.d4 cxd4 4.Nxd4 Nc6 5.Nc3 Qc7 6.Be3 Nf6 7.Bd3 a6 8.O-O b5
9.f3 Bb7 10.Qd2 Be7 11.Rac1 Rc8 12.Nce2 Ne5 13.Bf4 d6 14.Bxe5 dxe5 15.Nb3 O-O
16.Rfd1 Qb6+ 17.Kh1 b4 18.c4 a5 19.Qc2 Nd7 20.Nd2 Nc5 21.b3 Rfd8 22.Nf1 Qd6
23.Neg3 Nxd3 24.h3 Bg5 25.Ra1 Qd4 26.Rab1 Nf2+ 27.Kh2 Nxd1 {#R} 0-1

[Event "Reykjavik Open 2017"]
[Site "Reykjavik ISL"]
[Date "2017.04.19"]
[Round "1.72"]
[White "Le Goff,D"]
[Black "Fridthjofsdottir,S"]
[Result "1-0"]
[WhiteElo "2278"]
[BlackElo "1750"]

1.Nf3 d5 2.c4 e6 3.g3 Nf6 4.Bg2 Be7 5.O-O O-O 6.b3 c5 7.Bb2 Nc6 8.cxd5 exd5
9.d4 Bf5 10.Nc3 Rc8 11.dxc5 Bxc5 12.Rc1 Be7 13.Nd4 Nxd4 14.Qxd4 Be6 15.Qxa7
Qd7 16.Qd4 Bc5 17.Qf4 Rfd8 18.Na4 Bd6 19.Qd4 Rxc1 20.Rxc1 Rc8 21.Rxc8+ Qxc8
22.e4 Bf8 23.exd5 Bh3 24.Qc4 Qf5 25.Bxh3 Qxh3 26.Bxf6 gxf6 27.Nb6 Qf5 28.Kg2
Kg7 29.Qd4 Bd6 30.Nc4 Be5 31.Ne3 Qd7 32.Qe4 b5 33.h4 h5 34.a4 bxa4 35.bxa4 Qc7
36.Qc4 Qxc4 37.Nxc4 Bd4 38.a5 Kf8 39.Na3 Ke8 40.Nb5 Bc5 41.a6 Kd7 42.a7 Bxa7
43.Nxa7 Kd6 44.g4 {#r} 1-0

[Event "Reykjavik Open 2017"]
[Site "Reykjavik ISL"]
[Date "2017.04.19"]
[Round "1.74"]
[White "Maisuradze,N"]
[Black "Gudmundsson,Ei"]
[Result "1-0"]
[WhiteElo "2273"]
[BlackElo "1739"]

1.d4 Nf6 2.c4 g6 3.Nc3 d5 4.Bf4 Bg7 5.e3 c6 6.Nf3 Bg4 7.h3 Bxf3 8.Qxf3 O-O
9.Bd3 e6 10.O-O dxc4 11.Bxc4 Nbd7 12.Rad1 Nd5 13.Bg3 Nxc3 14.bxc3 Re8 15.e4
Qf6 16.Qg4 h5 17.Qe2 Nb6 18.Bb3 Qe7 19.f4 Rad8 20.Qf2 Rd7 21.Rde1 Qf8 22.Kh1
Kh7 23.f5 exf5 24.exf5 Rxe1 25.Qxe1 g5 26.f6 Bh6 27.Qe4+ Kh8 28.Qf5 h4 29.Re1
hxg3 30.Bc2 {#r} 1-0

[Event "Reykjavik Open 2017"]
[Site "Reykjavik ISL"]
[Date "2017.04.19"]
[Round "1.76"]
[White "Webb,L"]
[Black "Sidali,Elias Hulleberg"]
[Result "1-0"]
[WhiteElo "2271"]
[BlackElo "1724"]

1.d4 Nf6 2.c4 g6 3.Nc3 d5 4.Nf3 Bg7 5.Bg5 c6 6.e3 O-O 7.Bd3 Na6 8.O-O Nb4
9.Be2 Bf5 10.a3 Na6 11.Qb3 dxc4 12.Qxb7 Qb6 13.Qxb6 axb6 14.Bxc4 b5 15.Be2
Rfd8 16.b4 Nc7 17.Ne5 Rd6 18.Bf3 Nfd5 19.Nxc6 {#r} 1-0

[Event "Reykjavik Open 2017"]
[Site "Reykjavik ISL"]
[Date "2017.04.19"]
[Round "1.77"]
[White "Gudmarsson,Olafur"]
[Black "Guezennec,F"]
[Result "0-1"]
[WhiteElo "1721"]
[BlackElo "2271"]

1.d4 Nf6 2.Nf3 c5 3.e3 e6 4.c4 cxd4 5.exd4 d5 6.Nc3 Be7 7.Qc2 O-O 8.cxd5 Nxd5
9.a3 Nc6 10.Bd3 h6 11.O-O Bf6 12.Be3 Nce7 13.Qd2 Nxe3 14.fxe3 g6 15.Ne4 Bg7
16.Rf2 b6 17.Raf1 Bb7 18.Nc3 Rc8 19.Bc2 Nc6 20.Rd1 Na5 21.Bd3 a6 22.Qe2 b5
23.Ne4 Nc4 24.Nc5 Bxf3 25.Rxf3 Rxc5 26.dxc5 Nxb2 27.Rb1 Qxd3 28.Qxd3 Nxd3
29.Rd1 Nxc5 30.Rd6 Rc8 31.e4 Nxe4 32.Rd7 Rc1+ 33.Rf1 Rxf1+ 34.Kxf1 Bb2 35.Rd3
a5 36.Ke2 a4 37.Ke3 Nf6 38.Rd8+ Kg7 39.Rb8 b4 40.axb4 a3 {#R} 0-1

[Event "Reykjavik Open 2017"]
[Site "Reykjavik ISL"]
[Date "2017.04.19"]
[Round "1.78"]
[White "Gorti,Akshita"]
[Black "Marhoefer,Daniel"]
[Result "1-0"]
[WhiteElo "2261"]
[BlackElo "1714"]

1.d4 f5 2.Bf4 Nf6 3.e3 g6 4.h4 Bg7 5.h5 Nxh5 6.Rxh5 gxh5 7.Qxh5+ Kf8 8.Qxf5+
Kg8 9.Nc3 e6 10.Qh5 d6 11.Nf3 Bd7 12.Bd3 Qe8 13.Qh2 Nc6 14.a3 Ne7 15.O-O-O b5
16.Ne4 a5 17.Ng3 b4 18.Nh5 Ng6 19.Bh6 Bxd4 20.exd4 Kf7 21.Bxg6+ hxg6 22.Qf4+
{#r} 1-0

[Event "Reykjavik Open 2017"]
[Site "Reykjavik ISL"]
[Date "2017.04.19"]
[Round "1.79"]
[White "Lemery,Jon Thor"]
[Black "Vaishali,R"]
[Result "0-1"]
[WhiteElo "1708"]
[BlackElo "2259"]

1.e4 e5 2.Nf3 Nc6 3.Bb5 g6 4.O-O Bg7 5.Re1 a6 6.Ba4 Nge7 7.c3 O-O 8.h3 d6 9.d4
exd4 10.cxd4 b5 11.Bb3 Na5 12.Bc2 c5 13.a4 Bb7 14.Nc3 cxd4 15.Nxd4 b4 16.Nce2
d5 17.exd5 Qxd5 18.Nf4 Qxd4 19.Qxd4 Bxd4 20.Rxe7 Rfe8 21.Rxe8+ Rxe8 22.Kf1 Nc4
23.Ra2 a5 24.Bd3 b3 25.Ra1 Ba6 26.Be2 g5 27.Nd3 Rxe2 28.Kxe2 Ne5 29.Bxg5 Bxd3+
30.Kd2 Bxb2 31.Re1 Bc2 32.Bh6 Nc4+ 33.Ke2 Bc3 34.Rc1 Bf6 35.Bd2 Nxd2 36.Kxd2
Bg5+ {#R} 0-1

[Event "Reykjavik Open 2017"]
[Site "Reykjavik ISL"]
[Date "2017.04.19"]
[Round "1.81"]
[White "Vignisson,Ingvar Egill"]
[Black "Risting,Eivind Olav"]
[Result "0-1"]
[WhiteElo "1693"]
[BlackElo "2250"]

1.e4 c6 2.d4 d5 3.Nc3 dxe4 4.Nxe4 Bf5 5.Ng3 Bg6 6.Nf3 Nd7 7.h4 h6 8.Bd3 Bxd3
9.Qxd3 e6 10.h5 Ngf6 11.Bd2 Be7 12.O-O-O O-O 13.Ne4 Nxe4 14.Qxe4 Nf6 15.Qe2
Qd5 16.c4 Qe4 17.Qxe4 Nxe4 18.Be3 f5 19.g3 Bg5 20.Nxg5 hxg5 21.d5 cxd5 22.cxd5
e5 23.Rh2 g4 24.h6 g6 25.Bd2 Rfd8 26.Bc3 Rac8 27.Kb1 Rxc3 28.bxc3 Nxc3+ 29.Kc2
Nxd1 30.Kxd1 Rxd5+ 31.Kc2 Kh7 32.Rh1 b5 33.Kc3 a5 {#R} 0-1

[Event "Reykjavik Open 2017"]
[Site "Reykjavik ISL"]
[Date "2017.04.19"]
[Round "1.83"]
[White "Thorarensen,A"]
[Black "Plotkin,V"]
[Result "0-1"]
[WhiteElo "1686"]
[BlackElo "2243"]

1.e4 e5 2.Nf3 Nf6 3.Nc3 Bb4 4.Nd5 Nxd5 5.exd5 e4 6.Ne5 Qg5 7.Nc4 Qxd5 8.Ne3
Qe5 9.Bc4 c6 10.c3 Bd6 11.d4 exd3 12.Bxd3 Bc7 13.Qg4 O-O 14.Qh4 f5 15.O-O d5
16.Ng4 Qd6 17.Re1 Bd8 18.Qh5 Na6 19.Nh6+ gxh6 20.Bxh6 Qg6 21.Qh3 Re8 22.Qg3
Rxe1+ 23.Rxe1 Qxg3 24.Re8+ Kf7 25.Rf8+ Kg6 26.hxg3 Kxh6 27.Rxd8 Nc7 28.Rd6+
Kg7 29.f4 Be6 30.a4 Kf7 31.c4 Ne8 32.cxd5 cxd5 {#R} 0-1

[Event "Reykjavik Open 2017"]
[Site "Reykjavik ISL"]
[Date "2017.04.19"]
[Round "1.84"]
[White "Ptacnikova,L"]
[Black "Einarsson,Oskar Long"]
[Result "1-0"]
[WhiteElo "2242"]
[BlackElo "1681"]

1.c4 Nf6 2.Nc3 g6 3.g3 Bg7 4.Bg2 c6 5.e4 d6 6.Nge2 O-O 7.O-O Be6 8.d3 Na6 9.h3
Qc7 10.Be3 Bd7 11.Rc1 Qa5 12.Qd2 Qd8 13.d4 b6 14.e5 dxe5 15.dxe5 Ne8 16.Rfd1
Nb8 17.f4 Qc8 18.Kh2 h5 19.c5 Qc7 20.cxb6 axb6 21.Nd5 Qb7 22.Nxb6 Rxa2 23.Nc3
Be6 24.Nxa2 Bxa2 25.Qa5 Bb3 26.Rd3 Be6 27.b4 Nc7 28.b5 Nxb5 29.Qxb5 cxb5
30.Bxb7 b4 31.Nd5 Re8 32.Nc7 Bf5 33.Nxe8 Bxd3 34.Rc8 {#r} 1-0

[Event "Reykjavik Open 2017"]
[Site "Reykjavik ISL"]
[Date "2017.04.19"]
[Round "1.85"]
[White "Gunnarsson,Helgi Petur"]
[Black "Johannsson,O"]
[Result "0-1"]
[WhiteElo "1669"]
[BlackElo "2236"]

1.e4 e6 2.d4 d5 3.Nd2 Nf6 4.e5 Nfd7 5.Bd3 c5 6.c3 Nc6 7.Ngf3 g6 8.O-O Bg7
9.Bc2 O-O 10.Re1 cxd4 11.cxd4 f6 12.exf6 Qxf6 13.Nb3 e5 14.dxe5 Ndxe5 15.Rxe5
Nxe5 16.Qxd5+ Qf7 17.Qxf7+ Rxf7 18.Nbd4 Nxf3+ 19.Nxf3 Be6 20.Ng5 Rc7 21.Nxe6
Rxc2 22.Nxg7 Kxg7 23.Be3 Rd8 24.Kf1 Rxb2 25.g3 b6 26.Kg2 Kf7 27.g4 Rc2 28.h4
Rd3 29.Kg3 Ra3 30.h5 Raxa2 31.Rd1 Rc7 32.Bf4 Ra3+ 33.f3 Rcc3 34.Rd7+ Ke8
35.Rxh7 Rxf3+ 36.Kh4 Rxf4 37.Kg5 Rf7 38.Kxg6 Rxh7 39.Kxh7 Rg3 40.h6 Rxg4
41.Kh8 Rh4 {#R} 0-1

[Event "Reykjavik Open 2017"]
[Site "Reykjavik ISL"]
[Date "2017.04.19"]
[Round "1.86"]
[White "Murray,P"]
[Black "Fjallheim,Leif Reinert"]
[Result "1-0"]
[WhiteElo "2235"]
[BlackElo "1667"]

1.d4 Nf6 2.c4 g6 3.Nc3 Bg7 4.e4 d6 5.f3 O-O 6.Be3 c6 7.Qd2 e5 8.Nge2 Be6 9.d5
Bd7 10.dxc6 Bxc6 11.O-O-O Ne8 12.c5 Bd7 13.cxd6 Nc6 14.Kb1 f5 15.g3 Be6 16.Nc1
fxe4 17.Nxe4 Nd4 18.Bxd4 exd4 19.Qb4 Rxf3 20.Bc4 Bxc4 21.Qxc4+ Kh8 22.Qe6 Nf6
23.Ng5 Ne8 24.Nxf3 Nxd6 25.Nxd4 Qb6 26.Ndb3 Rd8 27.Rhe1 Bxb2 28.Kxb2 Nc4+
29.Qxc4 Qf6+ 30.Qc3 Qxc3+ 31.Kxc3 Rc8+ 32.Kb2 {#r} 1-0

[Event "Reykjavik Open 2017"]
[Site "Reykjavik ISL"]
[Date "2017.04.19"]
[Round "1.88"]
[White "Della Pietra,A"]
[Black "Roebuck,Derek"]
[Result "1-0"]
[WhiteElo "2228"]
[BlackElo "1661"]

1.d4 d5 2.c4 Bf5 3.cxd5 Nf6 4.Nc3 Nxd5 5.f3 Nxc3 6.bxc3 e5 7.e4 Bg6 8.Rb1 exd4
9.cxd4 Bd6 10.Nh3 O-O 11.Be3 a5 12.Bc4 Bb4+ 13.Kf2 Re8 14.Nf4 Nd7 15.h4 Nf6
16.Qb3 Qe7 17.Nxg6 hxg6 18.e5 Nd7 19.Bg5 {#r} 1-0

[Event "Reykjavik Open 2017"]
[Site "Reykjavik ISL"]
[Date "2017.04.19"]
[Round "1.89"]
[White "Finnsson,Johann Arnar"]
[Black "Edvardsson,K"]
[Result "0-1"]
[WhiteElo "1655"]
[BlackElo "2228"]

1.c4 g6 2.g3 Bg7 3.Bg2 Nf6 4.Nc3 c6 5.e4 d6 6.Nge2 Nbd7 7.d3 O-O 8.O-O e5 9.b4
a5 10.b5 Qc7 11.Rb1 Re8 12.h3 Nc5 13.Be3 Nfd7 14.Na4 Nxa4 15.Qxa4 Nc5 16.Qa3
Ne6 17.Rfd1 Nd4 18.Nxd4 exd4 19.Bf4 c5 20.Qa4 Bd7 21.Rd2 h6 22.h4 Bg4 23.Kh2
Qd8 24.Rdb2 g5 25.hxg5 hxg5 26.Bd2 Re5 27.Bh3 Bf3 28.b6 Qf6 29.Bg2 Bh6 30.Rh1
g4 31.Bxf3 Qxf3 32.Kg1 Be3 33.Be1 Qxg3+ 34.Kf1 Qf3 35.Qd7 Qxh1+ 36.Ke2 Qf3+
37.Kf1 Rh5 {#R} 0-1

[Event "Reykjavik Open 2017"]
[Site "Reykjavik ISL"]
[Date "2017.04.19"]
[Round "1.90"]
[White "Ristoja,S"]
[Black "Hjaltason,Elvar Orn"]
[Result "1-0"]
[WhiteElo "2228"]
[BlackElo "1643"]

1.e4 c5 2.Nf3 Nc6 3.Bb5 g6 4.O-O Bg7 5.Re1 d6 6.e5 d5 7.c4 a6 8.Ba4 dxc4
9.Bxc6+ bxc6 10.Qa4 Qb6 11.Nc3 Nh6 12.Qxc4 Be6 13.Na4 Qa5 14.Qc2 Bf5 15.d3
Bxd3 16.Qxd3 Qxa4 17.Re4 Qb5 18.Qc2 O-O 19.Be3 Rfc8 20.Bxc5 e6 21.Rb4 Qa5
22.Rb6 Bf8 23.b4 Qa3 24.Bxf8 Kxf8 25.Nd2 Rab8 26.Nc4 Rxb6 27.Nxa3 Rxb4 28.Qc5+
{#r} 1-0

[Event "Reykjavik Open 2017"]
[Site "Reykjavik ISL"]
[Date "2017.04.19"]
[Round "1.91"]
[White "Tan,Teck Woon"]
[Black "Tokranovs,Dmitrijs"]
[Result "0-1"]
[WhiteElo "1636"]
[BlackElo "2227"]

1.d4 c5 2.c3 e6 3.Nf3 Nf6 4.Bf4 Qb6 5.Qb3 Nc6 6.e3 Qa5 7.Nbd2 d5 8.Be2 Be7
9.h3 c4 10.Qc2 b5 11.O-O O-O 12.e4 b4 13.Bh2 Bd7 14.e5 Ne8 15.Rfb1 Nc7 16.a3
bxa3 17.b4 Qa6 18.Qa2 Nb5 19.Rc1 Qb7 20.Rab1 a5 21.bxa5 Nxa5 22.Bd1 Rfb8
23.Ba4 Qa6 24.Bxb5 Bxb5 25.Bf4 Ba4 26.Bg5 Bf8 27.Ne1 Bb3 28.Nxb3 cxb3 29.Qd2
a2 30.Rb2 Nc4 {#R} 0-1

[Event "Reykjavik Open 2017"]
[Site "Reykjavik ISL"]
[Date "2017.04.19"]
[Round "1.92"]
[White "Doknjas,John"]
[Black "Hrafnsson,Hreinn"]
[Result "1-0"]
[WhiteElo "2216"]
[BlackElo "1621"]

1.d4 Nf6 2.c4 e6 3.Nc3 d5 4.cxd5 exd5 5.Bg5 Nbd7 6.e3 Be7 7.Bd3 c6 8.Nf3 O-O
9.Qc2 h6 10.Bf4 Re8 11.h3 Nf8 12.O-O Bd6 13.Bxd6 Qxd6 14.Rab1 a5 15.Rfc1 Be6
16.Nd2 Re7 17.Na4 Rae8 18.Nf1 Ne4 19.Nc5 Nxc5 20.Qxc5 Qxc5 21.Rxc5 Ra8 22.b3
Bd7 23.Nd2 Ne6 24.Rc2 Rae8 25.a3 b5 26.Nf3 f6 27.Nh4 Nf8 28.Nf5 Bxf5 29.Bxf5
Rc7 30.Rbc1 g6 31.Bd3 b4 32.axb4 axb4 33.Rxc6 {#r} 1-0

[Event "Reykjavik Open 2017"]
[Site "Reykjavik ISL"]
[Date "2017.04.19"]
[Round "1.93"]
[White "Ragnarsson,Heimir Pall"]
[Black "Hill,Alistair"]
[Result "0-1"]
[WhiteElo "1608"]
[BlackElo "2209"]

1.c4 Nf6 2.g3 c5 3.Bg2 d5 4.cxd5 Nxd5 5.Nc3 Nc7 6.Nf3 Nc6 7.O-O e5 8.d3 Be7
9.b3 Rb8 10.Bb2 f6 11.Rc1 O-O 12.Qc2 Kh8 13.Rfd1 Bg4 14.Ne4 Ne6 15.e3 f5
16.Neg5 Nxg5 17.Nxg5 Bxd1 18.Rxd1 Bxg5 19.Qxc5 Bf6 20.Bxc6 bxc6 21.Qxc6 Rc8
22.Qe6 Rc2 23.Bxe5 Qe8 24.Qxe8 Rxe8 25.Bxf6 gxf6 26.d4 Rec8 27.a4 Rc1 {#R} 0-1